<?xml version="1.0" encoding="UTF-8"?>
<record
    xmlns:xsi="http://www.w3.org/2001/XMLSchema-instance"
    xsi:schemaLocation="http://www.loc.gov/MARC21/slim http://www.loc.gov/standards/marcxml/schema/MARC21slim.xsd"
    xmlns="http://www.loc.gov/MARC21/slim">

  <leader>01862    a2200217   4500</leader>
  <controlfield tag="001">29947</controlfield>
  <controlfield tag="005">20260407155610.0</controlfield>
  <controlfield tag="008">260407a1965    arg                 spa d</controlfield>
  <controlfield tag="003">AR-UNSa-BCEJYS</controlfield>
  <datafield tag="040" ind1=" " ind2=" ">
    <subfield code="a">AR-UNSa-BCEJYS</subfield>
    <subfield code="b">spa</subfield>
    <subfield code="c">AR-UNSa-BCEJYS</subfield>
  </datafield>
  <datafield tag="080" ind1=" " ind2=" ">
    <subfield code="a">657.47</subfield>
    <subfield code="x">Contabilidad de Costos</subfield>
  </datafield>
  <datafield tag="245" ind1="1" ind2="0">
    <subfield code="a">Contraloria pr&#xE1;ctica</subfield>
  </datafield>
  <datafield tag="264" ind1=" " ind2="1">
    <subfield code="a">M&#xE9;xico :</subfield>
    <subfield code="b">Uni&#xF3;n Tipogr&#xE1;fica Editorial Hispano-Americana (UTEHA)</subfield>
    <subfield code="c">1965</subfield>
  </datafield>
  <datafield tag="300" ind1=" " ind2=" ">
    <subfield code="a">821 p.</subfield>
    <subfield code="c">24 cm.</subfield>
  </datafield>
  <datafield tag="505" ind1=" " ind2=" ">
    <subfield code="a">Parte I Funciones y organizaci&#xF3;n - 1. Funci&#xF3;n del conttralor - 2. Funci&#xF3;n de la informaci&#xF3;n legal - 3. Funci&#xF3;n del control de la propiedad - 4. El contralor y la funci&#xF3;n administrativa - 5. Organizaci&#xF3;n del departamento del contralor - Parte II El contralor y las t&#xE9;cnicas b&#xE1;sicas - 6. El sistema de contabilidad - 7. Sistema de contabilidad-adaptaciones - 8. Costos de fabricaci&#xF3;n - 9. Costos de fabricaci&#xF3;n (continuaci&#xF3;n) - 10. Costos de fabricaci&#xF3;n (Conclusi&#xF3;n) - 11. Costeo directo - 12. Costos administrativos y de distribuci&#xF3;n - 13. Costos administrativos y de distribuci&#xF3;n (Continuaci&#xF3;n) - 14. Control del inventario - 15. Valuaci&#xF3;n del inventario - 16. Valuaci&#xF3;n del inventario (Continuaci&#xF3;n) - 17. Normas y m&#xE9;todos de depreciaci&#xF3;n - 18. Estados e informes para la gerencia - 19. Estados e informes para la gerencia (Continuaci&#xF3;n) - 20. Estados e informes para la gerencia (Conclusi&#xF3;n)- Parte III El contralor y la planeaci&#xF3;n anticipada - 21. Las normas y procedimientos del presupuesto - 22. Planeaci&#xF3;n de las ganancias - 23. Planeaci&#xF3;n y control de los gastos de f&#xE1;brica - 24. Planeaci&#xF3;n y normas financieras - 25. Planeaci&#xF3;n anticipada - 26. Ataque a los problemas espec&#xED;ficos - Problemas y casos </subfield>
  </datafield>
  <datafield tag="942" ind1=" " ind2=" ">
    <subfield code="c">BK</subfield>
  </datafield>
  <datafield tag="590" ind1=" " ind2=" ">
    <subfield code="a">niveau_biblio:m niveau_hierar:0</subfield>
  </datafield>
  <datafield tag="100" ind1="1" ind2=" ">
    <subfield code="a">Anderson, David R.</subfield>
  </datafield>
  <datafield tag="700" ind1="1" ind2=" ">
    <subfield code="a">Guasch Rubio, Luis</subfield>
  </datafield>
  <datafield tag="700" ind1="1" ind2=" ">
    <subfield code="a">Schmidt, Leo A.</subfield>
  </datafield>
  <datafield tag="999" ind1=" " ind2=" ">
    <subfield code="c">1983</subfield>
    <subfield code="d">1983</subfield>
  </datafield>
  <datafield tag="952" ind1=" " ind2=" ">
    <subfield code="0">0</subfield>
    <subfield code="1">0</subfield>
    <subfield code="4">0</subfield>
    <subfield code="7">0</subfield>
    <subfield code="a">BCEJYS</subfield>
    <subfield code="b">BCEJYS</subfield>
    <subfield code="c">16</subfield>
    <subfield code="d">2026-04-07</subfield>
    <subfield code="l">0</subfield>
    <subfield code="o">657.47 A543</subfield>
    <subfield code="p">L24566</subfield>
    <subfield code="r">2026-04-07 15:56:10</subfield>
    <subfield code="w">2026-04-07</subfield>
    <subfield code="y">L</subfield>
  </datafield>
  <datafield tag="952" ind1=" " ind2=" ">
    <subfield code="0">0</subfield>
    <subfield code="1">0</subfield>
    <subfield code="4">0</subfield>
    <subfield code="7">0</subfield>
    <subfield code="a">BCEJYS</subfield>
    <subfield code="b">BCEJYS</subfield>
    <subfield code="c">16</subfield>
    <subfield code="d">2026-04-07</subfield>
    <subfield code="l">0</subfield>
    <subfield code="o">657.47 A543</subfield>
    <subfield code="p">L24602</subfield>
    <subfield code="r">2026-04-07 15:56:10</subfield>
    <subfield code="w">2026-04-07</subfield>
    <subfield code="y">L</subfield>
  </datafield>
  <datafield tag="952" ind1=" " ind2=" ">
    <subfield code="0">0</subfield>
    <subfield code="1">0</subfield>
    <subfield code="4">0</subfield>
    <subfield code="7">0</subfield>
    <subfield code="a">BCEJYS</subfield>
    <subfield code="b">BCEJYS</subfield>
    <subfield code="c">16</subfield>
    <subfield code="d">2026-04-07</subfield>
    <subfield code="l">0</subfield>
    <subfield code="o">657.47 A543</subfield>
    <subfield code="p">L24603</subfield>
    <subfield code="r">2026-04-07 15:56:10</subfield>
    <subfield code="w">2026-04-07</subfield>
    <subfield code="y">L</subfield>
  </datafield>
</record>
